| 000 | 00410nam a22001697a 4500 | ||
|---|---|---|---|
| 003 | OSt | ||
| 008 | 250818b |||||||| |||| 00| 0 eng d | ||
| 020 | _a9788184116113 | ||
| 082 | _a687 KAA | ||
| 100 | _aKAPOOR, Seema | ||
| 245 | _aApparel Manufacturing Technology | ||
| 250 | _a1st. ed. | ||
| 260 |
_aNew Delhi, _bSonali Publications, _c2022, |
||
| 300 | _a272 p. | ||
| 650 | _aB. FAD. | ||
| 942 |
_2ddc _cREF |
||
| 999 |
_c13708 _d13708 |
||